000 00855nam a22002657a 4500
001 25364
003 BD-RjUL
005 20211209050852.0
008 140318r20051998ii a |||| 001 0 eng d
020 _a8170367018 (hbk.)
020 _a8170367026 (pbk.)
035 _a(BD-RjUL)25434
040 _aBD-RjUL
_beng
_cBD-RjUL
041 _aeng
082 0 4 _221
_a658.406
_bNIM 2005
100 1 _aNilakant, V.,
_977992
245 1 0 _a Managing organisational change /
_c V. Nilakant, S. Ramnarayan.
260 _aNew Delhi :
_bResponse Books,
_c1998 [Printing 2005].
300 _a 380 p. :
_bill. ;
_c23 cm.
500 _a"Published by Tejeshwar Singh for Response Books"--T.p. verso.
504 _aIncludes bibliographical references and indexes.
650 7 _aOrganizational change.
_977993
700 1 _aRamnarayan, S.
_977994
942 _2ddc
_cBK
999 _c25364
_d25364